Pohľadávky a záväzky a ich účtovné zobrazenie v obciach diplomová práca

Salvato in:
Dettagli Bibliografici
Autore principale: Demecs, Tomáš
Ente Autore: Fakulta hospodárskej informatiky EU. Katedra účtovníctva a audítorstva
Altri autori: Kovalčíková, Antónia
Natura: Libro
Lingua:slovacco
Pubblicazione: Bratislava 2014
Tags: Aggiungi Tag
Nessun Tag, puoi essere il primo ad aggiungerne!!

MARC

LEADER 00000nbm a2200000 4500
001 0188655
005 20170201105154.8
041 0 |a slo 
044 |a SK 
245 1 0 |a Pohľadávky a záväzky a ich účtovné zobrazenie v obciach  |b diplomová práca  |c Tomáš Demecs ; školiteľ: Antónia Kovalčíková 
264 1 |a Bratislava  |c 2014 
300 |a 75 s. 
100 1 |a Demecs, Tomáš 
700 1 |a Kovalčíková, Antónia 
710 2 |a Fakulta hospodárskej informatiky EU. Katedra účtovníctva a audítorstva